Uplatňovanie zákona o verejnom ochrancovi práv

Princípy zákona o verejnom ochrancovi práv (zákon č. 564/2001 Z.z. o verejnom ochrancovi práv). Zásady postupu pri vybavovaní podnetu. Systém práce s podnetmi.

Na minha lista:
Detalhes bibliográficos
Autor principal: Ličko, Tibor
Formato: Capítulo de Livro
Idioma:eslovaco
Assuntos:
Tags: Adicionar Tag
Sem tags, seja o primeiro a adicionar uma tag!

MARC

LEADER 00000naa a2200000 4500
001 r045139
005 20230919120559.7
041 0 |a slo 
044 |a SK 
245 1 0 |a Uplatňovanie zákona o verejnom ochrancovi práv  |c Tibor Ličko 
520 |a Princípy zákona o verejnom ochrancovi práv (zákon č. 564/2001 Z.z. o verejnom ochrancovi práv). Zásady postupu pri vybavovaní podnetu. Systém práce s podnetmi. 
610 2 0 |a ochrana práv občanov 
610 2 0 |a ústava 
610 2 0 |a demokracia 
610 2 0 |a poriadok právny 
610 2 0 |a Slovensko 
100 1 |a Ličko, Tibor